000 03372nam a2200577Ia 4500
001 170
008 241029s9999 xx 000 0 und d
010 _a148
041 _aEspañol
082 _aNO APLICA
245 0 _aEstrategias utilizadas por los docentes de la facultad de educación para promover la educación en valores en los estudiantes de la Universidad Autónoma de Santo Domingo, Recinto Nagua, Semestre 2012 - 2
260 _aMaría Trinidad Sánchez
300 _a127
520 _a26
630 _aEducación
630 _aEducación en Valores
630 _aEstrategia
630 _aEstrategia de Aprendizaje
630 _aEstrategia Metodológica
650 _aEducación en Valores
690 _aElaborado
700 _easesor
_aBodden, Inés
700 _eautor
_aDuarte Estévez, Segunda
700 _eautor
_aMuñoz Rodríguez , Mercedes
901 _a{"1":"Duarte Estévez","2":"Muñoz Rodríguez "}
_b{"1":"Segunda","2":"Mercedes"}
902 _a1
903 _a{"1":"Bodden"}
_b{"1":"Inés"}
904 _aMaestría en
905 _aEnseñanza Superior
906 _a2
907 _aNO APLICA
908 _aNO APLICA
909 _aUniversidad Autónoma de Santo Domingo (UASD)
910 _aNULL
_bNULL
911 _a["1"]
912 _aNO APLICA
913 _aNULL
914 _a03 de Febrero de 2014
915 _a04/07/15 06:07
916 _aNULL
917 _aNULL
918 _aNO APLICA
919 _a["72","75","92","93","95"]
520 _aEl propósito principal de esta investigación fue determinar las estrategias utilizadas por los docentes del área de Educación para promover la educación en valores en los estudiantes de la UASD, Centro Nagua, semestre 2012-2.  12.00 Este estudio fue de tipo descriptivo y no experimental. La población estuvo constituida por estudiantes de ambos sexos pertenecientes al área de educación en la Universidad Autónoma de Santo Domingo, Centro Nagua y todos los maestros que imparten asignaturas de la carrera. La muestra estuvo constituida por 300 estudiantes representando el 6.2% del total y el personal docente completo de la UASD. Para la realización del estudio se utilizaron dos cuestionarios uno para los docentes y otro para los estudiantes; se analizaron los datos haciendo uso del paquete de análisis estadístico para la investigación de las ciencia sociales PSPP (versión 2013), con el fin de darle objetividad a la investigación.   Dentro de las principales conclusiones se tiene las principales estrategias usadas por los docentes fueron las producciones escritas, seguido de las escalas de apreciación, investigaciones y aprendizaje colaborativo, obteniendo menor porcentaje la lista de control de registro anecdótico y la lectura reflexiva. Estas respuestas coinciden con las otorgadas por los docentes quienes respondieron de forma similar respeto a este tema. Lo antes expuesto implica que los docentes utilizan variedad de estrategias en el aula.Se recomienda al Ministerio de Educación Superior motivar a las instituciones de educación superior en la elaboración de planes de estudios que implementen la educación en valores.Para visualizar este estudio en su totalidad haga click aquí
921 _a28
922 _a28
923 _a0
924 _aNO APLICA
942 _cTesis
999 _c148
_d148